| 000 | 01588nam a2200361 i 4500 | ||
|---|---|---|---|
| 001 | 768714001 | ||
| 003 | CO-MdFUSB | ||
| 005 | 20220706123839.0 | ||
| 007 | ta | ||
| 008 | 030624t2003 enka b 001 0 eng d | ||
| 020 | _a1842272004 | ||
| 040 |
_aCOO _cCO-MdFUSB _dUtOrBLW _bspa _erda |
||
| 041 | _aeng | ||
| 082 |
_223 _a253 _bC327 |
||
| 100 | 1 |
_aCartledge, Mark J., _d1962- _eautor |
|
| 245 | 1 | 0 |
_aPractical theology : _bcharismatic and empirical perspectives _c/ Mark J. Cartledge. |
| 264 | 1 |
_aCarlisle, England : _bPaternoster, _c[2003] |
|
| 264 | 4 | _c© 2003 | |
| 300 |
_a271 páginas : _bilustraciones ; _c23 cm. |
||
| 336 |
_atexto _btxt _2rdacontent. |
||
| 337 |
_asin mediación _bn _2rdamedia. |
||
| 338 |
_avolumen _bnc _2rdacarrier. |
||
| 490 | 1 | _aStudies in pentecostal and charismatic issues. | |
| 504 | _aIncluye referencias bibliográficas (páginas 251-265) e índice. | ||
| 505 | _aTeología práctica, ciencias sociales y espiritualidad carismática -- Verdad y epistemología: una perspectiva carismática -- Métodos empíricos de investigación -- El culto carismático como realización de la espiritualidad -- Glosolalia y posmodernidad -- Mujeres carismáticas y actividad profética -- Interpretando la experiencia carismática y la Bendición de Toronto -- Fe y curación -- Glosolalia y socialización -- Apéndices. | ||
| 563 | _aRústico | ||
| 650 | 0 |
_9180 _aTeología práctica |
|
| 650 | 7 |
_9227 _aTeología pastoral |
|
| 830 | 0 | _aStudies in pentecostal and charismatic issues. | |
| 942 | _cBK | ||
| 945 | _aJTF-925 | ||
| 999 |
_c67492 _d67492 |
||